The campaign of the cataracts (Record no. 552093)
[ view plain ]
| 000 -LEADER | |
|---|---|
| fixed length control field | 00561cam a2200145K 4500 |
| 082 04 - DEWEY DECIMAL CLASSIFICATION NUMBER | |
| Classification number | 355.00941 |
| Author Mark | BUT |
| 100 1# - MAIN ENTRY--PERSONAL NAME | |
| Personal name | Butler, William Francis, |
| 9 (RLIN) | 49312 |
| 245 14 - TITLE STATEMENT | |
| Title | The campaign of the cataracts |
| Remainder of title | being a personal narrative of the great Nile expedition of 1884-5. |
| 260 ## - PUBLICATION, DISTRIBUTION, ETC. | |
| Place of publication, distribution, etc. | London, |
| Name of publisher, distributor, etc. | Sampson Low, Marston, Searle & Rivington, |
| Date of publication, distribution, etc. | 1887. |
| 300 ## - PHYSICAL DESCRIPTION | |
| Extent | 1 online resource (389 p.) |
| Other physical details | illus., fold. map. |
| 526 ## - STUDY PROGRAM INFORMATION NOTE | |
| Program name | 0 |
| Interest level | 0 |
| Reading level | 0 |
| Title point value | 355_009410000000000_BUT |
| 650 ## - SUBJECT ADDED ENTRY--TOPICAL TERM | |
| Topical term or geographic name entry element | MCE |
| 9 (RLIN) | 379 |
| 856 40 - ELECTRONIC LOCATION AND ACCESS | |
| Uniform Resource Identifier | <a href="http://catalog.hathitrust.org/api/volumes/oclc/1359823.html">http://catalog.hathitrust.org/api/volumes/oclc/1359823.html</a> |
| 942 ## - ADDED ENTRY ELEMENTS (KOHA) | |
| Source of classification or shelving scheme | |
| Koha item type | Book |
| Withdrawn status | Lost status | Source of classification or shelving scheme | Damaged status | Not for loan | Permanent Location | Current Location | Shelving location | Date acquired | Total Checkouts | Full call number | Barcode | Date last seen | Price effective from | Koha item type |
|---|---|---|---|---|---|---|---|---|---|---|---|---|---|---|
| Military College of Engineering (MCE) | Military College of Engineering (MCE) | 01/07/2015 | 355.00941 BUT | MCE-ECC/55 | 01/07/2015 | 01/07/2015 | Book |
